| 000 | 00594nam a2200229 a 4500 | ||
|---|---|---|---|
| 003 | AR-BaBNM | ||
| 005 | 20251128203129.0 | ||
| 008 | 082120s2002 ||||||||||||||000 | spa|| | ||
| 020 | _a950-9343-02-1 | ||
| 040 | _cAR-BaBNM | ||
| 110 | 2 | _aFondo Editorial de San Nicolás | |
| 245 | 0 | 0 | _aPrimera antología de eventistas nicoleños |
| 260 |
_aSan Nicolás _bFondo Editorial _c1984 |
||
| 300 | _a215 p. | ||
| 650 | 4 | _aLITERATURA ARGENTINA | |
| 650 | 4 | _aANTOLOGIAS | |
| 650 | 4 | _aLITERATURA CONTEMPORANEA | |
| 653 | _aNARRATIVA | ||
| 655 | _aLITERATURA | ||
| 942 | _cBK | ||
| 998 | _cCarmen | ||
| 999 |
_c2042 _d2042 |
||